[Event "15th European Club Cup Women"]
[Site "Plovdiv BUL"]
[Date "2010.10.23"]
[Round "7"]
[White "Atalik,E"]
[Black "Fominykh,M"]
[Result "1/2-1/2"]
[WhiteElo "2447"]
[BlackElo "2305"]

1.d4 d6 2.Nf3 g6 3.c4 Bg7 4.e4 Nf6 5.Nc3 O-O 6.Be2 e5 7.Be3 Ng4 8.Bg5 f6
9.Bh4 Nc6 10.d5 Ne7 11.Nd2 Nh6 12.f3 c5 13.dxc6 bxc6 14.Bf2 Be6 15.O-O Rb8
16.Rb1 c5 17.Qa4 a5 18.Nd5 Rf7 19.Rfd1 Nxd5 20.cxd5 Bd7 21.Qc2 f5 22.Nc4 Bf8
23.Be1 Ra8 24.Bc3 g5 25.Qd2 a4 26.Ba5 Qf6 27.Nb6 Rb8 28.Nxd7 Rxd7 29.Qc2 Ra7
30.Bc3 g4 31.f4 fxe4 32.fxe5 Qg6 33.e6 Be7 34.b3 Bg5 35.bxa4 Be3+ 36.Kh1 Rf8
37.Rf1 Nf5 38.Be1 Raa8 39.Qb3 Bd4 40.Qb7 Rae8 41.g3 Be5 42.Qd7 Qh5 43.e7 Nxe7
44.Rxf8+ Kxf8 45.Bxg4 Qf7 46.Bd2 Kg7 47.Be2 e3 48.Bxe3 Qxd5+ 49.Kg1 Qe4 50.Qxe8 Qxe3+
51.Kf1 Bd4 52.Ke1 Bc3+ 53.Kf1 Bd4 54.Ke1 Bc3+  1/2-1/2

[Event "WY Boys-U14"]
[Site "Porto Carras GRE"]
[Date "2010.10.23"]
[Round "4.11"]
[White "Bluebaum,M"]
[Black "Rapport,R"]
[Result "1/2-1/2"]
[WhiteElo "2191"]
[BlackElo "2523"]

1.d4 Nf6 2.c4 g6 3.Nc3 Bg7 4.e4 d6 5.Nf3 O-O 6.Be2 e5 7.Be3 Ng4 8.Bg5 f6
9.Bc1 f5 10.exf5 exd4 11.Bg5 Qe8 12.Nd5 d3 13.Qxd3 Bxf5 14.Qd2 Qf7 15.Be7 Re8
16.Ng5 Bh6 17.Nxf7 Bxd2+ 18.Kxd2 Kxf7 19.Bh4 Na6 20.Rae1 h6 21.f4 c6 22.Bxg4 cxd5
23.Bf3 Be4 24.Bxe4 dxe4 25.Bf2 Nb4 26.Bd4 a6 27.a3 Nd3 28.Ref1 Rec8 29.Ke3 Rxc4
30.Kxe4 Nc5+ 31.Kd5 Rc2 32.f5 g5 33.Rc1 Rxg2 34.b4 Rd2 35.Rhd1 Rxd1 36.Rxd1 Nd7
37.Kxd6 Nf6 38.Bxf6 Kxf6 39.Kc7 h5 40.Kxb7 Re8  1/2-1/2

[Event "Spartak IM"]
[Site "Subotica"]
[Date "2010.10.23"]
[Round "1"]
[White "Farkas,Ti"]
[Black "Nestorovic,L"]
[Result "0-1"]
[WhiteElo "2259"]
[BlackElo "2335"]

1.c4 Nf6 2.Nf3 g6 3.Nc3 Bg7 4.e4 O-O 5.d4 d6 6.Be2 Nbd7 7.O-O e5 8.Qc2 Nh5
9.Rd1 c6 10.d5 c5 11.g3 f5 12.exf5 gxf5 13.Nh4 Nf4 14.Nxf5 Nb6 15.Nxg7 Nh3+
16.Kg2 Rxf2+ 17.Kh1 Bg4 18.Bxg4 Rxc2 19.Bxh3 Kxg7 20.Ne4 Qe8 21.Bg5 Qh5 22.Bf6+ Kg6
23.Bg2 Rxg2  0-1

[Event "Lichtenrader Herbst"]
[Site "Berlin GER"]
[Date "2010.10.24"]
[Round "9"]
[White "Syre,C"]
[Black "Meissner,HJ"]
[Result "1/2-1/2"]
[WhiteElo "2264"]
[BlackElo "2233"]

1.d4 Nf6 2.Nf3 g6 3.c4 Bg7 4.Nc3 O-O 5.e4 d6 6.Be2 Na6 7.O-O e5 8.Be3 c6
9.Re1 Ng4 10.Bg5 f6 11.Bh4 Nh6 12.h3 Nf7 13.Qd2 Nc7 14.d5 c5 15.Bd3 Bd7 16.Rab1 Qe7
17.a3 Rfc8 18.b4 Na6 19.Rb3 Qe8 20.Qc2 Qd8 21.Reb1 Bf8 22.R3b2 Be7 23.Nh2 Kg7
24.f3 b6 25.Bf2 Qe8 26.Qd2 Kg8 27.Kh1 Bf8 28.Be3 Bg7 29.g4 Qe7 30.Rg1 Kh8
31.Rbb1 Rf8 32.Rg2 Rg8 33.h4 Rgc8 34.Nf1 Rg8 35.Ng3 Rgc8 36.Rh2 Kg8 37.Kg1 Rab8
38.Kf2 Rb7 39.Be2 Be8 40.Bf1 Bd7 41.b5 Nc7 42.Bh3 Rf8 43.Rg1 Ne8  1/2-1/2

[Event "Uxbridge Premier"]
[Site "Denham ENG"]
[Date "2010.10.24"]
[Round "1"]
[White "Shaw,P"]
[Black "Campbell,E"]
[Result "1-0"]
[WhiteElo "2164"]
[BlackElo "1936"]

1.d4 Nf6 2.c4 g6 3.Nc3 Bg7 4.e4 d6 5.Nf3 O-O 6.Be2 e5 7.Be3 Ng4 8.Bg5 f6
9.Bh4 Nc6 10.d5 Ne7 11.Nd2 Nh6 12.f3 g5 13.Bf2 f5 14.c5 g4 15.Nc4 gxf3 16.Bxf3 fxe4
17.Nxe4 dxc5 18.Bxc5 Rxf3 19.Qxf3 Bg4 20.Qb3 Nxd5 21.O-O Be6 22.Qxb7 Nf4
23.Rad1 Bd5 24.Qa6 Ng4 25.h3 Bf8 26.Bxf8 Qxf8 27.Nxe5 Bxe4 28.Nxg4 Qc5+ 29.Kh2 Rf8
30.Nf6+ Kh8 31.Nxe4 Qe5 32.Ng3 Rg8 33.Rxf4 Qxf4 34.Qd3 h5 35.Qd4+  1-0

[Event "WY Boys-U18"]
[Site "Porto Carras GRE"]
[Date "2010.10.24"]
[Round "5.9"]
[White "Arribas Lopez,A"]
[Black "Tomazini,A"]
[Result "1-0"]
[WhiteElo "2454"]
[BlackElo "2255"]

1.d4 d6 2.Nf3 Nf6 3.c4 g6 4.Nc3 Bg7 5.e4 O-O 6.Be2 e5 7.O-O Na6 8.Be3 Ng4
9.Bg5 Qe8 10.dxe5 dxe5 11.h3 f6 12.Bd2 Nh6 13.Qb3 Nf7 14.Qa3 c5 15.Be3 Qc6
16.Nd5 Kh8 17.Bd1 b6 18.Ba4 Qb7 19.Rfd1 f5 20.Rac1 f4 21.Bd2 g5 22.Nh2 h5
23.Qf3 g4 24.hxg4 hxg4 25.Nxg4 Ng5 26.Qe2 Qf7 27.Nh2 Qg6 28.Ne7 Qf7 29.Bc6 Qxe7
30.Qh5+ Nh7 31.Bxa8 Nc7 32.Bd5 Ne8 33.Nf3 Nf6 34.Nxe5  1-0

[Event "WY Boys-U14"]
[Site "Porto Carras GRE"]
[Date "2010.10.24"]
[Round "5.14"]
[White "Bluebaum,M"]
[Black "Chu Wei Chao"]
[Result "1/2-1/2"]
[WhiteElo "2191"]
[BlackElo "2075"]

1.d4 Nf6 2.c4 g6 3.Nc3 Bg7 4.e4 d6 5.Nf3 O-O 6.Be2 e5 7.Be3 Ng4 8.Bg5 f6
9.Bc1 Nc6 10.d5 Ne7 11.h3 Nh6 12.h4 f5 13.h5 f4 14.hxg6 Nxg6 15.Bd2 Bd7 16.Qc2 Ng4
17.Rf1 a6 18.O-O-O b5 19.Ne1 Nf6 20.g3 Qe7 21.cxb5 axb5 22.Nd3 Ng4 23.Nb4 Nh2
24.Rh1 fxg3 25.fxg3 Nf3 26.Be3 Nd4 27.Bxd4 exd4 28.Nxb5 Rfb8 29.Nc6 Bxc6
30.dxc6 Ne5 31.Nxd4 Rxa2 32.Bc4+ Nxc4 33.Qxc4+ Qf7 34.Qxf7+ Kxf7 35.Nf5 Be5
36.Rxh7+ Kg8 37.Rdh1  1/2-1/2

[Event "WY Boys-U18"]
[Site "Porto Carras GRE"]
[Date "2010.10.24"]
[Round "6.14"]
[White "Lozhnikov,V"]
[Black "Dragomirescu,R"]
[Result "1/2-1/2"]
[WhiteElo "2288"]
[BlackElo "2423"]

1.d4 Nf6 2.c4 g6 3.Nc3 Bg7 4.e4 O-O 5.Nf3 d6 6.Be2 e5 7.Be3 Ng4 8.Bg5 f6
9.Bc1 exd4 10.Nxd4 f5 11.h3 Ne5 12.exf5 gxf5 13.O-O Nbc6 14.Nxc6 Nxc6 15.Bf4 Be6
16.Qd2 Nd4 17.Bd3 Qf6 18.Rae1 Rae8 19.Ne2 Bd7 20.Nxd4 Qxd4 21.b3 Bc6 22.Bc2 Qf6
23.f3 a6 24.Kh2 b5 25.Bd3 Qd4 26.Rxe8 Rxe8 27.Bxf5 Qxd2 28.Bxd2 Re2 29.Ba5 Be5+
30.Kh1 bxc4 31.Be6+ Kg7 32.Bxc4 Rxa2 33.Bxc7 Kf8 34.Rd1 Ke7 35.Bb6 Bb5 36.Bd5 Re2
37.Bg1 Kf6 38.Bh2 h5 39.f4 Bc3 40.Bg1 h4 41.Bf3 Rd2 42.Rxd2 Bxd2 43.Bf2 Bxf4
44.Bxh4+ Ke5 45.g4 Bf1 46.Kg1 Bxh3 47.Be2 Kd4 48.Kf2  1/2-1/2

[Event "Uxbridge Premier"]
[Site "Denham ENG"]
[Date "2010.10.25"]
[Round "3"]
[White "Shaw,P"]
[Black "De Coverly,R"]
[Result "1-0"]
[WhiteElo "2164"]
[BlackElo "2082"]

1.d4 Nf6 2.c4 g6 3.Nc3 Bg7 4.e4 d6 5.Nf3 O-O 6.Be2 e5 7.Be3 exd4 8.Nxd4 Re8
9.f3 Nc6 10.O-O Nh5 11.Nxc6 bxc6 12.Qd2 c5 13.Rad1 Bb7 14.Rfe1 Rb8 15.b3 Qh4
16.Bf2 Qf4 17.Qxf4 Nxf4 18.Nb5 Ne6 19.Bd3 a6 20.Na3 Nf4 21.Nc2 Nxd3 22.Rxd3 a5
23.a4 Bc6 24.Na3 Bb2 25.Nb5 Bxb5 26.axb5 Be5 27.Re2 f5 28.exf5 Bxh2+ 29.Kf1 Rxe2
30.Kxe2 Be5 31.fxg6 hxg6 32.Be3 Kf7 33.f4 Bf6 34.Rd2 Bc3 35.Rc2 Bb4 36.Kd3 Ke6
37.g4 Rh8 38.Re2 Kf6 39.Bc1 Rh3+ 40.Re3 Rh2 41.Re2 Rh3+ 42.Kc2 Rc3+ 43.Kb2 Rg3
44.g5+ Kf7 45.Be3 Rf3 46.Kc2 Rh3 47.Kd3 Rh1 48.Bf2 Rh3+ 49.Re3 Rh2 50.Ke2 Ba3
51.Kf3 Bb2 52.Be1 Bd4 53.Re2 Rh3+ 54.Kg4 Rxb3 55.Bxa5 d5 56.cxd5 Rxb5 57.Bxc7 Rb2
58.Rxb2 Bxb2 59.f5 gxf5+ 60.Kxf5 Ke7 61.Be5 Bc1 62.g6 c4 63.d6+  1-0

[Event "Uxbridge Premier"]
[Site "Denham ENG"]
[Date "2010.10.26"]
[Round "4"]
[White "Summerscale,A"]
[Black "Lexton,M"]
[Result "1-0"]
[WhiteElo "2419"]
[BlackElo "2009"]

1.d4 Nf6 2.c4 g6 3.Nc3 Bg7 4.e4 d6 5.Nf3 O-O 6.Be2 e5 7.O-O Na6 8.Be3 Ng4
9.Bg5 Qe8 10.Re1 h6 11.Bh4 exd4 12.Nxd4 Nf6 13.Bf1 Bg4 14.f3 Bd7 15.Qd2 Nh5
16.Rad1 Qe5 17.Bf2 Rad8 18.Ndb5 Bxb5 19.cxb5 Nc5 20.Bd4 Qxd4+ 21.Qxd4 Bxd4+
22.Rxd4 Nf6 23.Rc1 Ne6 24.Ra4 Ra8 25.Bc4 Nd7 26.Ra3 Ne5 27.Nd5 Kg7 28.Bf1 c6
29.bxc6 bxc6 30.Ne3 Rfb8 31.b3 c5 32.Nc4 Nxc4 33.Bxc4 Nd4 34.Ra6 Rb6 35.Kf2 f6
36.Ke3 Rxa6 37.Bxa6 Rb8 38.Rc4 Kf7 39.Ra4 Ke7 40.Bc4 Rb7 41.Bd5 Rc7 42.Kd3 f5
43.exf5 Nxf5 44.Re4+ Kf6 45.Re6+ Kg5 46.Be4 Rd7 47.g3 d5 48.h4+ Kh5 49.Bxf5 gxf5
50.Rf6 f4 51.Rxf4 Kg6 52.g4 Rd6 53.Rf5 Kg7 54.f4 a6 55.Re5 Kf6 56.Re8 Rc6
57.g5+ hxg5 58.fxg5+ Kg6 59.Rg8+ Kh5 60.Rh8+ Kg4 61.Rh6 Rc7 62.g6 Rg7 63.h5 Kg5
64.Rh7  1-0

[Event "WY Boys-U14"]
[Site "Porto Carras GRE"]
[Date "2010.10.26"]
[Round "7.1"]
[White "Laurusas,T"]
[Black "Shiven,K"]
[Result "1-0"]
[WhiteElo "2291"]
[BlackElo "2354"]

1.d4 Nf6 2.c4 g6 3.Nc3 Bg7 4.e4 d6 5.Nf3 O-O 6.Be2 e5 7.Be3 Na6 8.d5 Ng4
9.Bg5 f6 10.Bh4 Qe8 11.Nd2 h5 12.h3 Nh6 13.f3 f5 14.a3 g5 15.Bf2 Qg6 16.exf5 Nxf5
17.Bd3 Qf7 18.Nce4 Bh6 19.Qc2 Nd4 20.Qc3 Nc5 21.Nxc5 dxc5 22.O-O-O Bf5 23.Rde1 Rae8
24.Be3 b6 25.Be4 Qg6 26.Qd3 Bxe4 27.Nxe4 Nf5 28.Bd2 Nd6 29.Kc2 Nf5 30.Kb1 Nd6
31.Qc2 h4 32.b3 Nf5 33.Ka2 c6 34.dxc6 Nd4 35.Qc1 Ne6 36.Nc3 Nf4 37.Bxf4 gxf4
38.c7 Qxg2+ 39.Qb2 Qxb2+ 40.Kxb2 Rc8 41.Nd5 Kf7 42.Rhg1 Rg8 43.Rxg8 Rxg8
44.Kc2 Bg7 45.Rg1 Rc8 46.Kd3 Bf8 47.Rg5 Bd6 48.Rf5+  1-0

[Event "WY Boys-U18"]
[Site "Porto Carras GRE"]
[Date "2010.10.27"]
[Round "8.3"]
[White "Arribas Lopez,A"]
[Black "Shimanov,A"]
[Result "1-0"]
[WhiteElo "2454"]
[BlackElo "2512"]

1.d4 Nf6 2.Nf3 g6 3.c4 Bg7 4.Nc3 O-O 5.e4 d6 6.Be2 e5 7.d5 a5 8.h3 Na6 9.Bg5 h6
10.Be3 Nh5 11.Ng1 Nf4 12.Bf3 Nb4 13.g3 Nfd3+ 14.Kf1 Nc5 15.a3 Nba6 16.b4 Nd7
17.Qc1 Kh7 18.g4 f5 19.gxf5 gxf5 20.exf5 Qh4 21.Ne4 Nf6 22.Ng3 e4 23.Rb1 axb4
24.axb4 Bd7 25.Bg4 b5 26.N1e2 bxc4 27.Nf4 Nxg4 28.hxg4 Qxg4 29.Ne6 Bxe6 30.dxe6 Rxf5
31.Nxf5 Qxf5 32.Qxc4 d5 33.Qc1 Qxe6 34.b5 d4 35.Bf4 Nb8 36.Qxc7 Nd7 37.Qc6 Qf5
38.Bxh6 Rf8 39.Bxg7+ Kxg7 40.Qh6+ Kf7 41.Rh5 Qf3 42.Rh3 Qf5 43.Rb4 Nf6 44.Rxd4 Qxb5+
45.Ke1 Ra8 46.Rd1 Ra2 47.Qe3 Qc4 48.Qb3 Qxb3 49.Rxb3 Ng4 50.Rd6 Ra1+ 51.Kd2 Ra2+
52.Kc3 Nf6 53.Rd2 Rxd2 54.Kxd2 Ng4 55.Ke2 Ke6 56.Rb5 Kf6 57.Kf1 Nh6 58.Rb6+ Kg5
59.Re6 Ng4 60.Rxe4 Kf5 61.Ra4 Ne5 62.Ke2 Ng6 63.Ke3 Ne5 64.f3 Nc6 65.Ra6 Ne5
66.Ra5 Ke6 67.Ke4 Nc4 68.Ra6+ Nd6+ 69.Rxd6+  1-0

[Event "20th World Seniors"]
[Site "Arco ITA"]
[Date "2010.10.28"]
[Round "3"]
[White "Butnorius,A"]
[Black "Bisignano,G"]
[Result "1-0"]
[WhiteElo "2439"]
[BlackElo "1897"]

1.d4 Nf6 2.Nf3 g6 3.c4 Bg7 4.Nc3 O-O 5.e4 d6 6.Be2 e5 7.Be3 Nc6 8.d5 Ne7
9.Nd2 b6 10.b4 a5 11.bxa5 Rxa5 12.a4 Bd7 13.O-O Ne8 14.Qc2 f5 15.f3 f4 16.Bf2 g5
17.Nb3 Ra8 18.a5 bxa5 19.Nxa5 Qc8 20.c5 dxc5 21.Bxc5 Nd6 22.Nc4 g4 23.Rxa8 Qxa8
24.Nxd6 cxd6 25.Bxd6 Qa7+ 26.Kh1 Bf6 27.Qb3 Kh8 28.fxg4 Rc8 29.g5 Ng6 30.gxf6 Qe3
31.f7 Rxc3 32.Bxe5+  1-0

[Event "11th Liberec Open"]
[Site "Liberec CZE"]
[Date "2010.10.28"]
[Round "7"]
[White "Bartos,J"]
[Black "Benes,Pe1"]
[Result "1-0"]
[WhiteElo "2183"]
[BlackElo "2115"]

1.d4 Nf6 2.Nf3 g6 3.c4 Bg7 4.Nc3 O-O 5.e4 d6 6.Be2 e5 7.dxe5 dxe5 8.Qxd8 Rxd8
9.Bg5 c6 10.Nxe5 Na6 11.Nxc6 Re8 12.e5 bxc6 13.Bxf6 Rb8 14.b3 Bf8 15.O-O Bb4
16.Ne4 Bf5 17.Bf3 Bxe4 18.Bxe4 Rbc8 19.Rad1 Nc5 20.Bf3 Ne6 21.Bg4 Rc7 22.Bxe6 fxe6
23.Rd3 Be7 24.Bxe7 Rexe7 25.Rd6 Kg7 26.c5 Re8 27.Rfd1 Ree7 28.f4 h6 29.R1d3 g5
30.g3 Kg6 31.Rf3 gxf4 32.gxf4 Kf5 33.Rd8 Rf7 34.Rh8 Kg6 35.Rg8+ Kh7 36.Rfg3  1-0

[Event "WY Boys-U14"]
[Site "Porto Carras GRE"]
[Date "2010.10.28"]
[Round "9.12"]
[White "Grandadam,P"]
[Black "Sai,KG"]
[Result "0-1"]
[WhiteElo "2159"]
[BlackElo "2337"]

1.Nf3 Nf6 2.c4 g6 3.Nc3 Bg7 4.e4 d6 5.d4 O-O 6.Be2 Nbd7 7.O-O e5 8.Be3 Re8
9.Qc2 Ng4 10.Bg5 f6 11.Bc1 c6 12.Rb1 Rf8 13.Rd1 Qe7 14.b4 f5 15.exf5 gxf5
16.h3 exd4 17.Bg5 Qf7 18.Nxd4 Nge5 19.Rbc1 f4 20.Ne4 Qg6 21.f3 Rf7 22.Nb3 Bf8
23.Kf2 Nb6 24.Nxd6 Qxg5 25.Nxf7 Nxf7 26.c5 Nd5 27.Bc4 Ne3 28.Bxf7+ Kxf7 29.Qxh7+ Bg7
30.Rg1 Bf5  0-1

[Event "Chigorin Mem Classic Open"]
[Site "St Petersburg RUS"]
[Date "2010.10.28"]
[Round "1"]
[White "Kiseleva,A"]
[Black "Kashtanov,R"]
[Result "0-1"]
[WhiteElo "1841"]
[BlackElo "2351"]

1.d4 Nf6 2.Nf3 g6 3.c4 Bg7 4.Nc3 O-O 5.e4 d6 6.Be2 e5 7.d5 a5 8.Bg5 h6 9.Bh4 Na6
10.O-O Bd7 11.Rb1 Qe8 12.b3 Nh7 13.Nd2 h5 14.f3 Bh6 15.Bf2 Qe7 16.Qc2 h4
17.Kh1 Kg7 18.a3 Rh8 19.b4 axb4 20.axb4 Nf6 21.c5 Nh5 22.Bxa6 bxa6 23.Rfd1 Qf6
24.c6 Bc8 25.Qd3 Nf4 26.Qf1 Nxg2 27.Qxg2 h3 28.Qf1 Bxd2 29.Qd3 Bg5 30.Ra1 Bg4
31.fxg4 Qxf2 32.Ra2 Qe3 33.Qxe3 Bxe3 34.Ne2 Rab8 35.Ra3 Bg5 36.Rb1 Rh4 37.Rg3 Bf4
38.Rgg1 Bd2 39.Rb2 Bxb4 40.Nc3 a5 41.Na2 Rb6 42.Rg3 Bc5 43.Rxb6 Bxb6 44.Nc3 Bf2
45.Rf3 Bd4 46.Nb5 Bb6 47.Rg3 a4 48.Na3 Bf2 49.Rf3 Bc5 50.Rg3 Bxa3 51.Rxa3 Rxg4
52.Rxa4 Kf6  0-1

[Event "Chigorin Mem Classic Open"]
[Site "St Petersburg RUS"]
[Date "2010.10.28"]
[Round "1"]
[White "Kanter,E"]
[Black "Menovshchikov,Mark"]
[Result "1-0"]
[WhiteElo "2414"]
[BlackElo "2023"]

1.d4 Nf6 2.Nf3 g6 3.c4 Bg7 4.Nc3 O-O 5.e4 d6 6.Be2 e5 7.Be3 Qe7 8.dxe5 dxe5
9.Nd5 Qd8 10.Bc5 Nxe4 11.Be7 Qd7 12.Bxf8 Kxf8 13.Qd3 Nc5 14.Qa3 Qd6 15.Rd1 e4
16.Ng5 Kg8 17.Nxe4 Nxe4 18.Ne7+ Kh8 19.Rxd6 cxd6 20.Nxc8 Nc6 21.Nxd6 Nd4
22.Bd3 Nxd6 23.Qxd6 Re8+ 24.Kd1 Nc6 25.Re1 Rg8 26.Qd7  1-0

[Event "Chigorin Mem Classic Open"]
[Site "St Petersburg RUS"]
[Date "2010.10.28"]
[Round "1"]
[White "Bazeev,G"]
[Black "Sazonova,A"]
[Result "1-0"]
[WhiteElo "2348"]
[BlackElo "1793"]

1.d4 Nf6 2.Nf3 g6 3.c4 Bg7 4.Nc3 O-O 5.e4 d6 6.Be2 Nbd7 7.O-O e5 8.Be3 Re8
9.d5 Nc5 10.Nd2 a5 11.b3 Nfd7 12.a3 b6 13.b4 Nb7 14.Qc2 Nf8 15.Bd3 Bd7 16.Rac1 Qc8
17.c5 axb4 18.axb4 bxc5 19.bxc5 dxc5 20.Nb3 c6 21.Nxc5 Nxc5 22.Bxc5 f5 23.dxc6 Qxc6
24.Nd5 Qa4 25.Qxa4 Rxa4 26.Nb6 fxe4 27.Bc4+ Rxc4 28.Nxc4 Bb5 29.Nd6 Bxf1
30.Nxe8 Bd3 31.Ra1 Ne6 32.Bd6 Kf7 33.Nxg7 Kxg7 34.Bxe5+ Kg8 35.Ra8+ Kf7 36.Ra7+ Kg8
37.h4 Bc2 38.Kh2 Bd3 39.Re7 Bc4 40.Kg3 Bb3 41.h5 g5 42.Re8+ Kf7 43.Rh8  1-0

[Event "Chigorin Mem Classic Open"]
[Site "St Petersburg RUS"]
[Date "2010.10.28"]
[Round "1"]
[White "Bratus,P"]
[Black "Demchenko,A"]
[Result "0-1"]
[WhiteElo "2175"]
[BlackElo "2529"]

1.d4 Nf6 2.c4 g6 3.Nc3 Bg7 4.e4 O-O 5.Nf3 d6 6.Be2 Nbd7 7.O-O e5 8.Qc2 c6
9.h3 exd4 10.Nxd4 Re8 11.Be3 Nc5 12.f3 Nh5 13.Rad1 Qh4 14.Rf2 Be5 15.g4 Nf4
16.Bf1 Nxh3+ 17.Bxh3 Qxh3 18.Nce2 Qh4 19.Rg2 h5 20.gxh5 Bh3 21.Nf5 Qxh5 22.Nf4 Bxf4
23.Bxf4 Bxg2 24.Qxg2 Nxe4 25.Nxd6 Qc5+ 26.Kh2 Nxd6 27.Bxd6 Qxc4  0-1

[Event "Chigorin Mem Classic Open"]
[Site "St Petersburg RUS"]
[Date "2010.10.28"]
[Round "1"]
[White "Bolbot,Artem"]
[Black "Duzhakov,I"]
[Result "0-1"]
[WhiteElo "1665"]
[BlackElo "2336"]

1.d4 Nf6 2.Nf3 g6 3.c4 Bg7 4.Nc3 O-O 5.e4 d6 6.Be2 e5 7.d5 Nbd7 8.b4 a5 9.b5 Nc5
10.Qc2 Nh5 11.Be3 Nf4 12.O-O b6 13.Bxc5 bxc5 14.Rab1 f5 15.Rfe1 g5 16.g3 Nxe2+
17.Qxe2 f4 18.Nd2 f3 19.Qd3 g4 20.Rb2 Rf6 21.h4 Rh6 22.Reb1 Rb8 23.a4 Bf6
24.Kf1 Bxh4 25.gxh4 Rxh4 26.Ke1 Rh1+ 27.Nf1 h5 28.Kd2 Qf6 29.Qe3 Rb6 30.Kd3 h4
31.Rc2 Kf7 32.Rcb2 Bd7 33.Nd2 Rh3 34.Rg1 Rb8 35.Rbb1 g3 36.Rh1 Rxh1 37.Rxh1 g2
38.Rg1 Bg4 39.Nf1 gxf1=Q+ 40.Rxf1 Bh3 41.Rg1 Bg2 42.Nb1 h3 43.Nd2 h2  0-1

[Event "Chigorin Mem Classic Open"]
[Site "St Petersburg RUS"]
[Date "2010.10.28"]
[Round "1"]
[White "Syrchikov,A"]
[Black "Fedorov,Alex"]
[Result "1/2-1/2"]
[WhiteElo "2256"]
[BlackElo "2599"]

1.d4 Nf6 2.c4 g6 3.Nc3 Bg7 4.e4 d6 5.Nf3 O-O 6.Be2 Nbd7 7.O-O e5 8.Re1 Re8
9.Bf1 a6 10.dxe5 dxe5 11.h3 c6 12.Be3 Qe7 13.Qc2 Nh5 14.g3 Nc5 15.Bxc5 Qxc5
16.Na4 Qe7 17.Nb6 Rb8 18.c5 Be6 19.b4 f5 20.Bc4 Kh8 21.Bxe6 Qxe6 22.exf5 Qxf5
23.Qxf5 gxf5 24.Rad1 e4 25.Nd4 f4 26.g4 Nf6 27.Nf5 Re6 28.Nd4 Re7 29.Nf5 Re6
30.Nd4 Re7 31.Nf5 Re6  1/2-1/2

[Event "20th World Seniors"]
[Site "Arco ITA"]
[Date "2010.10.29"]
[Round "4"]
[White "Nordby,B"]
[Black "Kornath,H"]
[Result "1/2-1/2"]
[WhiteElo "2145"]
[BlackElo "1956"]

1.d4 Nf6 2.Nf3 g6 3.c4 Bg7 4.Nc3 O-O 5.e4 d6 6.Be2 Na6 7.O-O e5 8.Rb1 exd4
9.Nxd4 Nc5 10.f3 a5 11.Ndb5 Re8 12.Be3 Ne6 13.Qd2 Bd7 14.Rfd1 Bc6 15.Rbc1 h5
16.Qc2 Qe7 17.b3 b6 18.a3 Rec8 19.b4 Ne8 20.Nd5 Qf8 21.Nbc3 axb4 22.axb4 Ra3
23.Qb2 Rca8 24.Ra1 Rxa1 25.Rxa1 Rxa1+ 26.Qxa1 Nd4 27.Qd1 Ne6 28.Qd2 Nf6 29.Qa2 Qd8
30.Qd2  1/2-1/2

[Event "CONPET Cup 2010"]
[Site "Ploiesti ROU"]
[Date "2010.10.29"]
[Round "5.3"]
[White "Dobrin,C"]
[Black "Anuta,L"]
[Result "1-0"]
[WhiteElo "1883"]
[BlackElo "2034"]

1.d4 Nf6 2.c4 g6 3.Nc3 Bg7 4.Nf3 d6 5.e4 O-O 6.Be2 e5 7.d5 h6 8.O-O Kh7 9.b4 a5
10.bxa5 Rxa5 11.Nd2 Ng8 12.Nb3 Ra8 13.c5 Nd7 14.cxd6 cxd6 15.a4 b6 16.Ba3 Nc5
17.Nxc5 bxc5 18.Nb5 f5 19.f3 Nf6 20.Qc2 Rf7 21.Nc3 f4 22.Bb5 g5 23.Bc6 Bb7
24.Bxb7 Rxb7 25.Rab1 Rxb1 26.Rxb1 g4 27.Qb3 gxf3 28.gxf3 Qa5 29.Bc1 Rg8 30.Bd2 Qd8
31.Qb7 Kh8 32.Qf7 Qc8 33.Kg2 Nh7 34.h4 Bf6+ 35.Kf2 Bxh4+ 36.Ke2 Qh3 37.Rb7 Qg2+
38.Kd1 Qxf3+ 39.Kc2 Nf6 40.Be1 Bg5 41.a5 Qf1 42.Bd2 Bh4 43.Qc7 c4 44.a6 Qd3+
45.Kc1 Rg1+ 46.Nd1 Qa3+ 47.Kc2 Qxa6 48.Qc8+ Rg8 49.Rh7+ Kxh7 50.Qxa6 Nxe4
51.Nc3 Nxd2 52.Kxd2 Rg2+ 53.Kd1 Rg1+ 54.Ke2 Re1+ 55.Kf3 Re3+ 56.Kg4 Bf6 57.Kf5 Bg7
58.Ne4 f3 59.Qxd6 h5 60.Ng5+  1-0

[Event "WY Boys-U14"]
[Site "Porto Carras GRE"]
[Date "2010.10.29"]
[Round "10.17"]
[White "Bluebaum,M"]
[Black "Dastan,B"]
[Result "0-1"]
[WhiteElo "2191"]
[BlackElo "2087"]

1.d4 Nf6 2.c4 g6 3.Nc3 Bg7 4.e4 d6 5.Nf3 O-O 6.Be2 e5 7.Be3 c6 8.dxe5 dxe5
9.O-O Qe7 10.a3 Bg4 11.b4 Rd8 12.Qc2 Nbd7 13.Rfd1 b6 14.h3 Bxf3 15.Bxf3 h6
16.Qb2 Bf8 17.Rdb1 Rdb8 18.a4 a5 19.b5 c5 20.Rd1 Bg7 21.Qd2 Kh7 22.Qd6 Bf8
23.Qxe7 Bxe7 24.Kf1 Nf8 25.Nd5 Nxd5 26.cxd5 Rd8 27.g3 Bg5 28.Ke2 Bxe3 29.Kxe3 Rd6
30.Bg2 Nd7 31.h4 Rf8 32.f4 f5 33.fxe5 Nxe5 34.Kf4 Nc4 35.e5 g5+ 36.hxg5 hxg5+
37.Kxg5 Rg6+ 38.Kf4 Rg4+ 39.Kf3 Nxe5+ 40.Kf2 f4 41.d6 Rxg3 42.Be4+ Kg7 43.Rg1 Ng4+
44.Ke2 Re3+ 45.Kd2 Rxe4 46.Rxg4+ Kf6 47.Rag1 Ke6 48.Rg7 Rd4+ 49.Kc3 Rxd6
50.Re1+ Kf6 51.Rh7 Kf5 52.Rh5+ Kg4 53.Reh1 f3 54.R5h4+ Kg3 55.R4h3+ Kf2 56.R3h2+ Ke3
57.Re1+ Kf4 58.Re7 Kg3 59.Reh7 f2 60.R7h3+ Kg4 61.Rh4+ Kf3  0-1

[Event "WY Boys-U18"]
[Site "Porto Carras GRE"]
[Date "2010.10.29"]
[Round "10.15"]
[White "Lozhnikov,V"]
[Black "Salem,AR"]
[Result "0-1"]
[WhiteElo "2288"]
[BlackElo "2501"]

1.d4 Nf6 2.c4 g6 3.Nc3 Bg7 4.e4 d6 5.Nf3 O-O 6.Be2 Nbd7 7.O-O e5 8.Be3 Re8
9.d5 Nh5 10.Ne1 Nf4 11.Nd3 Nxe2+ 12.Qxe2 f5 13.f3 Nf6 14.Rfc1 Rf8 15.b4 f4
16.Bf2 g5 17.c5 g4 18.cxd6 cxd6 19.Nb5 g3 20.hxg3 fxg3 21.Bxg3 Qb6+ 22.Nf2 Nh5
23.Bh2 Rf7 24.Na3 Bh6 25.Nc4 Qd8 26.Nd3 Rg7 27.Rc2 b5 28.Nxd6 Qb6+ 29.Kh1 Bd7
30.Nf5 Bxf5 31.exf5 Be3 32.Re1 Bd4 33.g4 Nf6 34.Rc6 Qd8 35.Bxe5 Nxg4 36.fxg4 Qh4+
37.Bh2 Rxg4 38.Re6 Kh8 39.Re8+ Rxe8 40.Qxe8+ Rg8 41.Qe4 Rg1+  0-1

[Event "Chigorin Mem Classic Open"]
[Site "St Petersburg RUS"]
[Date "2010.10.29"]
[Round "2"]
[White "Shchukin,D"]
[Black "Krylov,M RUS"]
[Result "1/2-1/2"]
[WhiteElo "2346"]
[BlackElo "2516"]

1.d4 Nf6 2.c4 g6 3.Nc3 Bg7 4.e4 d6 5.Nf3 O-O 6.Be2 e5 7.dxe5 dxe5 8.Qxd8 Rxd8
9.Bg5 Na6 10.Nd5 Rd6 11.Nxf6+ Bxf6 12.Bxf6 Rxf6 13.Nxe5 Re6 14.Ng4 h5 15.Ne3 Rxe4
16.O-O-O Re8 17.Bf3 c6 18.Rd2 Be6 19.Rhd1 Nc7 20.b3 a5 21.Kb2 Na6 22.Nc2 Nc5
23.Nd4 Bg4 24.Bxg4 hxg4 25.f3 gxf3 26.Nxf3 Re3 27.Rd8+ Rxd8 28.Rxd8+ Kg7
29.Kc2 a4 30.Kd2 Re4 31.b4 Ne6 32.Rd7 g5 33.Kd3 Rf4 34.Rxb7 g4 35.Ne5 Kf6
36.Nxc6 Rf2 37.Ne7 Rxg2 38.Nd5+ Kg6 39.Ne3 Rxa2 40.Nxg4 f5 41.Rb6  1/2-1/2

[Event "Chigorin Mem Classic Open"]
[Site "St Petersburg RUS"]
[Date "2010.10.29"]
[Round "2"]
[White "Lafuente,P"]
[Black "Martynov,P2"]
[Result "1-0"]
[WhiteElo "2565"]
[BlackElo "2163"]

1.d4 Nf6 2.c4 g6 3.Nc3 Bg7 4.e4 d6 5.Nf3 O-O 6.Be2 e5 7.Be3 Nbd7 8.O-O Re8
9.d5 Nh5 10.g3 Bf8 11.Ne1 Ng7 12.Nd3 f5 13.f3 Be7 14.Qd2 c5 15.dxc6 bxc6
16.Nb4 Bb7 17.Nc2 Ne6 18.exf5 gxf5 19.f4 exf4 20.gxf4 Bf8 21.Bf3 Qh4 22.Nd4 Nxd4
23.Bxd4 Re6 24.Kh1 Bh6 25.Rg1+ Kf7 26.Raf1 Kf8 27.Ne2 Nf6 28.Bxf6 Rxf6 29.Qb4 Rb8
30.Qa5 Re8 31.Qc7 Ba6 32.Qxh7 Rf7 33.Rg8+ Ke7 34.Rxe8+ Kxe8 35.Qg8+ Ke7 36.Nd4 Bb7
37.Qb8 Bxf4 38.Qc7+ Kf6 39.Qd8+ Re7 40.Qxe7+  1-0

[Event "Chigorin Mem Classic Open"]
[Site "St Petersburg RUS"]
[Date "2010.10.29"]
[Round "2"]
[White "Tunik,G"]
[Black "Korobov,A"]
[Result "1-0"]
[WhiteElo "2457"]
[BlackElo "2670"]

1.d4 Nf6 2.c4 g6 3.Nc3 Bg7 4.e4 d6 5.Nf3 O-O 6.Be2 Na6 7.O-O e5 8.Be3 Ng4
9.Bg5 Qe8 10.dxe5 dxe5 11.h3 Nf6 12.Be3 Nd7 13.a3 f5 14.b4 c6 15.c5 Kh8 16.Bxa6 bxa6
17.Qd6 Rf6 18.Qc7 f4 19.Bc1 Nf8 20.Bb2 Rf7 21.Qa5 Bf6 22.Rfd1 g5 23.Rd6 g4
24.hxg4 Bxg4 25.Kf1 Bxf3 26.gxf3 Qc8 27.Qa4 Qh3+ 28.Ke2 Ng6 29.Qxc6 Raf8
30.Rd3 Qg2 31.Qe6 h5 32.Nd5 Kh7 33.c6 Bd8 34.Bxe5 h4 35.c7 Bxc7 36.Bxc7 h3
37.Qg4  1-0

[Event "Chigorin Mem Classic Open"]
[Site "St Petersburg RUS"]
[Date "2010.10.29"]
[Round "2"]
[White "Shukh,N"]
[Black "Kuzubov,Y"]
[Result "0-1"]
[WhiteElo "2429"]
[BlackElo "2628"]

1.d4 Nf6 2.c4 g6 3.Nc3 Bg7 4.e4 d6 5.Be2 O-O 6.Nf3 e5 7.dxe5 dxe5 8.Qxd8 Rxd8
9.Bg5 Re8 10.O-O-O Na6 11.Ne1 Nc5 12.f3 c6 13.Nc2 a5 14.b3 Nfd7 15.Rd2 f5
16.Rhd1 Nf6 17.Rd6 Ne6 18.Bh4 fxe4 19.fxe4 g5 20.Bg3 Nf4 21.Bf1 Be6 22.Bf2 Bf8
23.R6d2 Bb4 24.Nxb4 axb4 25.Na4 Nxe4 26.Rb2 Nc3 27.Re1 b5 28.Nxc3 bxc3 29.Rc2 Bf5
30.Rxc3 Rxa2 31.Bb6 b4 32.Rg3 h6 33.Bc7 Rc2+ 34.Kd1 Ra8 35.Bd3 Nxd3 36.Kxc2 Nxe1+
37.Kd2 Nd3  0-1

[Event "Chigorin Mem Classic Open"]
[Site "St Petersburg RUS"]
[Date "2010.10.29"]
[Round "2"]
[White "Kopasov,E"]
[Black "Utkin,Alek"]
[Result "0-1"]
[WhiteElo "2086"]
[BlackElo "2328"]

1.d4 g6 2.c4 Bg7 3.Nf3 Nf6 4.Nc3 O-O 5.e4 d6 6.Be2 Nbd7 7.O-O e5 8.Re1 h6
9.Rb1 Nh7 10.Bf1 f5 11.exf5 gxf5 12.dxe5 dxe5 13.Qd5+ Kh8 14.c5 c6 15.Qc4 e4
16.Nd2 Ne5 17.Qa4 Qe7 18.Nb3 Qh4 19.Nd1 Rg8 20.Nd4 Ng4 21.Bf4 Rd8 22.Bg3 Qe7
23.Ne2 Qxc5 24.Nf4 Ng5 25.Ne3 Nxe3 26.fxe3 Ne6 27.b4 Qb6 28.Qb3 Nxf4 29.Bxf4 Re8
30.Qf7 Rf8 31.Qh5 Kh7 32.Bc4 Qd8 33.Red1 Qe8 34.Qh4 Qg6 35.Rd6 Bf6 36.Qh3 a5
37.b5 cxb5 38.Rxb5 Ra6 39.Rxa6 bxa6 40.Rb6 Rd8 41.Be5 f4 42.Rxf6 Bxh3 43.Rxg6 Kxg6
44.gxh3 f3 45.Kf2 Rd2+ 46.Ke1 Rc2 47.Bxa6 Rxa2 48.Bb7 Re2+ 49.Kf1 Rxe3 50.Bf4 Re2
51.Ba6 Rb2 52.Be5 Rb6 53.Bc4 Kf5 54.Bg3 a4  0-1